| Tag |
First Indicator |
Second Indicator |
Subfields |
| LEADER |
00000nam a2200000 4500 |
| 001 |
in00004211237 |
| 005 |
20200807080614.0 |
| 006 |
m g d |
| 007 |
cr bn |||a|bb| |
| 008 |
920129s1608 enk o 00| | eng d |
| 035 |
|
|
|a (UnM)99849283
|
| 037 |
|
|
|a CL0036000022
|b ProQuest. 789 E. Eisenhower Parkway, Ann Arbor, MI 48108-3218
|
| 040 |
|
|
|a Cu-RivES
|c Cu-RivES
|d CStRLIN
|e dcrb
|d WaOLN
|
| 100 |
1 |
|
|a Bishop, William,
|d 1554?-1624.
|
| 245 |
1 |
2 |
|a A reproofe of M. Doct. Abbots defence, of the Catholike deformed by M. W. Perkins :
|b Wherein his sundry abuses of Gods sacred word, and most manifold mangling, misaplying, and falsifying, the auncient Fathers sentences,be so plainely discouered, euen to the eye of euery indifferent reader, that whosoeuer hath any due care of his owne saluation, can neuer hereafter giue him more credit, in matter of faith and religion. The first part. Made by W.P.B. and Doct. in diuinty.
|
| 260 |
|
|
|a [England :
|b English secret press],
|c Anno Domini, 1608.
|
| 300 |
|
|
|a 1 online resource (287 pages)
|
| 336 |
|
|
|a text
|b txt
|2 rdacontent
|
| 337 |
|
|
|a computer
|b c
|2 rdamedia
|
| 338 |
|
|
|a online resource
|b cr
|2 rdacarrier
|
| 500 |
|
|
|a W.P.B. = William Bishop.
|
| 500 |
|
|
|a No more published.
|
| 500 |
|
|
|a A reply to (STC 48): Abbot, Robert. A defence of the Reformed catholicke of M. W. Perkins against the bastard Counter-catholicke of D. Bishop.
|
| 500 |
|
|
|a At foot of title page: Printed with priuiledge.
|
| 500 |
|
|
|a Place of publication and printer from STC.
|
| 500 |
|
|
|a Reproduction of the original in the British Library.
|
| 510 |
4 |
|
|a STC (2nd edition)
|c 3098.
|
| 510 |
3 |
|
|a Allison and Rogers. Catholic books, 116.
|
| 533 |
|
|
|a Electronic reproduction.
|b Ann Arbor, Mich. :
|c UMI,
|d 1999-
|f (Early English books online)
|n Digital version of: (Early English books, 1475-1640 ; 778:06)
|7 s1999 miun s
|
| 600 |
1 |
0 |
|a Abbot, Robert,
|d 1560-1618.
|t A defence of the Reformed catholicke of M. W. Perkins against the bastard Counter-catholicke of D. Bishop.
|
| 610 |
2 |
0 |
|a Catholic Church
|v Apologetic works
|v Early works to 1800.
|
| 610 |
2 |
0 |
|a Catholic Church
|v Controversial literature
|v Early works to 1800.
|
| 830 |
|
0 |
|a Early English books online.
|
| 856 |
4 |
0 |
|u http://proxy.library.tamu.edu/login?url=https://search.proquest.com/docview/2240889751
|z Connect to the full text of this electronic book
|t 0
|
| 999 |
f |
f |
|s 24ea6077-b1b1-39bc-9358-4c8acc04f5b3
|i af75b365-63c4-3ac2-a5cc-e71b2eb433b1
|t 0
|
| 952 |
f |
f |
|a Texas A&M University
|b College Station
|c Electronic Resources
|d Available Online
|t 0
|h No information provided
|
| 998 |
f |
f |
|t 0
|l Available Online
|